Equivalencias ganaderas : escalas simplificadas /

Guardado en:
Autor Principal: Cocimano, M.
Autor Corporativo: Asociación Argentina de Consorcios Regionales de Experimentación Agrícola.
Otros Autores: Lange, Alfredo., Menvielle, Emilio Enrique.
Formato: Libro
Idioma:Spanish
Publicado: Buenos Aires : AACREA, 2002.
Edición:5a ed.
Series:Estudios y métodos
Etiquetas: Agregar Etiqueta
Sin Etiquetas, Sea el primero en etiquetar este registro!
LEADER 00679nam a22001935a 4500
001 EEA.libagro007396
005 20180522111846.0
008 130809s2002####ag#a##########000#0#spa#d
082 0 4 |a 636.085 
100 1 |a Cocimano, M. 
245 1 0 |a Equivalencias ganaderas :  |b escalas simplificadas /  |c M. Cocimano, A. Lange, E. Menvielle. 
250 |a 5a ed. 
260 |a Buenos Aires :  |b AACREA,  |c 2002. 
300 |a 32 p. :  |b il. ;  |c 30 cm. 
490 1 |a Estudios y métodos 
700 1 |a Lange, Alfredo. 
700 1 |a Menvielle, Emilio Enrique. 
710 2 |a Asociación Argentina de Consorcios Regionales de Experimentación Agrícola. 
859 |a AR-BbBCA  |b BIB. AGRONOMIA  |h 636.085  |i C663a5  |p 2005/4767